[Event "NatWest Young Masters 3rd"]
[Site "London"]
[Date "1986.09.03"]
[Round "5"]
[White "Gallagher, Joseph G"]
[Black "Gerber, Richard"]
[Result "1-0"]
[WhiteElo "2360"]
[BlackElo "2395"]
[PlyCount "111"]
[EventDate "1986.08.30"]
[EventType "tourn"]
[EventRounds "9"]
[EventCountry "ENG"]
[EventCategory "6"]
[SourceTitle "BritBase"]
[Source "John Saunders"]
[SourceDate "2020.09.07"]
[SourceVersion "1"]
[SourceVersionDate "2020.09.07"]
[SourceQuality "2"]

1. e4 c5 2. Nf3 d6 3. d4 cxd4 4. Nxd4 Nf6 5. Nc3 g6 6. Be3 Bg7 7. f3 Nc6 8. Qd2
O-O 9. Bc4 Bd7 10. O-O-O Rc8 11. Bb3 Ne5 12. h4 Nc4 13. Bxc4 Rxc4 14. h5 Nxh5
15. g4 Nf6 16. Bh6 Nxe4 17. Qe3 Rxc3 18. bxc3 Nf6 19. Bxg7 Kxg7 20. Qh6+ Kh8
21. Ne2 Rg8 22. Qe3 Be6 23. g5 Nd7 24. Qe4 Rg7 25. Qxb7 Bxa2 26. Qxa7 Be6 27.
f4 Qb8 28. Qxb8+ Nxb8 29. Nd4 Bd7 30. Rhe1 e6 31. c4 Rg8 32. Nb5 Bxb5 33. cxb5
d5 34. c4 Rc8 35. Kd2 dxc4 36. Kc3 Kg7 37. Rd4 h6 38. Red1 Rc7 39. Rd8 Rb7 40.
Kxc4 hxg5 41. fxg5 f6 42. Rxb8 Rxb8 43. Rd7+ Kf8 44. gxf6 g5 45. Kc5 g4 46. b6
g3 47. Rg7 Rc8+ 48. Kd6 Rc3 49. b7 Rb3 50. Kc7 Rc3+ 51. Kd8 Rd3+ 52. Kc8 Rc3+
53. Rc7 Rb3 54. b8=Q Rxb8+ 55. Kxb8 g2 56. Rg7 1-0

[Event "NatWest Young Masters 3rd"]
[Site "London"]
[Date "1986.09.03"]
[Round "5"]
[White "Ravikumar, Vaidyanathan"]
[Black "Norwood, David"]
[Result "1/2-1/2"]
[WhiteElo "2345"]
[BlackElo "2415"]
[PlyCount "26"]
[EventDate "1986.08.30"]
[EventType "tourn"]
[EventRounds "9"]
[EventCountry "ENG"]
[EventCategory "6"]
[SourceTitle "BritBase"]
[Source "John Saunders"]
[SourceDate "2020.09.07"]
[SourceVersion "1"]
[SourceVersionDate "2020.09.07"]
[SourceQuality "2"]

1. d4 Nf6 2. Nf3 e6 3. g3 b5 4. Bg2 Bb7 5. O-O Be7 6. Nbd2 O-O 7. c4 bxc4 8.
Nxc4 d5 9. Na5 Ba6 10. Ne5 Bd6 11. Nac4 Be7 12. Na5 Bd6 13. Nac4 Be7 1/2-1/2

[Event "NatWest Young Masters 3rd"]
[Site "London"]
[Date "1986.09.03"]
[Round "5"]
[White "Rodgaard, John"]
[Black "Thomas, Ian L"]
[Result "1-0"]
[WhiteElo "2350"]
[BlackElo "2350"]
[PlyCount "123"]
[EventDate "1986.08.30"]
[EventType "tourn"]
[EventRounds "9"]
[EventCountry "ENG"]
[EventCategory "6"]
[SourceTitle "BritBase"]
[Source "John Saunders"]
[SourceDate "2020.09.07"]
[SourceVersion "1"]
[SourceVersionDate "2020.09.07"]
[SourceQuality "2"]

1. d4 b5 2. e4 Bb7 3. Nd2 a6 4. a4 c5 5. dxc5 e6 6. axb5 Bxc5 7. bxa6 Nxa6 8.
Ngf3 Nf6 9. Bd3 Nb4 10. Rxa8 Qxa8 11. Qe2 Qa4 12. O-O Nxd3 13. cxd3 Ba6 14. Nb1
Qb3 15. Nc3 O-O 16. Qd1 Qb7 17. h3 d6 18. Qc2 Nd7 19. Be3 Bxe3 20. fxe3 Rb8 21.
Rf2 Nc5 22. Ne1 Nb3 23. Qd1 Qa7 24. Qf3 Rf8 25. Kh2 Qc5 26. Qg3 Nc1 27. d4 Qb4
28. Qg5 Na2 29. Nxa2 Qxe1 30. Qf4 e5 31. dxe5 dxe5 32. Qf3 Bb7 33. Nc3 f5 34.
Qg3 f4 35. exf4 Bxe4 36. Nxe4 Qxe4 37. fxe5 Rxf2 38. Qxf2 Qxe5+ 39. Kh1 Qe4 40.
Kg1 h5 41. Qd2 h4 42. b4 Kh7 43. Qc3 Kg6 44. Kh1 Kh7 45. Kh2 Qf4+ 46. Kg1 Qe4
47. Kf1 Qf4+ 48. Ke2 Qe4+ 49. Kd1 g6 50. Qb2 Qd3+ 51. Ke1 Qe3+ 52. Kf1 Qd3+ 53.
Kg1 Qe4 54. Qc3 Kh6 55. Qh8+ Kg5 56. Qb8 Kf5 57. b5 Qd4+ 58. Kh2 Qc5 59. b6 Ke6
60. b7 Kd7 61. Qf4 g5 62. Qf7+ 1-0

[Event "NatWest Young Masters 3rd"]
[Site "London"]
[Date "1986.09.03"]
[Round "5"]
[White "Schiller, Eric Andrew"]
[Black "Pedersen, Erik"]
[Result "0-1"]
[WhiteElo "2370"]
[BlackElo "2400"]
[PlyCount "84"]
[EventDate "1986.08.30"]
[EventType "tourn"]
[EventRounds "9"]
[EventCountry "ENG"]
[EventCategory "6"]
[SourceTitle "BritBase"]
[Source "John Saunders"]
[SourceDate "2020.09.07"]
[SourceVersion "1"]
[SourceVersionDate "2020.09.07"]
[SourceQuality "2"]

1. e4 c6 2. d4 d5 3. Nc3 dxe4 4. Nxe4 Nf6 5. Ng3 h5 6. Bc4 h4 7. N3e2 h3 8.
gxh3 Bf5 9. c3 e6 10. Bg5 Nbd7 11. Ng3 Bg6 12. h4 Qc7 13. h5 Nxh5 14. N1e2 Ndf6
15. Bd3 Bxd3 16. Qxd3 O-O-O 17. Nxh5 Rxh5 18. h4 Bd6 19. Qf3 Qa5 20. b4 Qd5 21.
Rh3 Rdh8 22. Bxf6 gxf6 23. Qxf6 Qg2 24. Qf3 Qg6 25. O-O-O Rxh4 26. Rxh4 Rxh4
27. Rg1 Qh6+ 28. Kc2 Qh7+ 29. Kb2 Kc7 30. a3 Rh3 31. Ng3 f5 32. Qe2 Rh2 33. Kb3
Qg8 34. Qf3 e5+ 35. c4 exd4 36. Qxf5 b5 37. Qd3 Rxf2 38. Qxd4 Qxc4+ 39. Qxc4
bxc4+ 40. Kxc4 Rf4+ 41. Kb3 Rf3+ 42. Ka4 Rxg3 0-1

[Event "NatWest Young Masters 3rd"]
[Site "London"]
[Date "1986.09.03"]
[Round "5"]
[White "Whiteley, Andrew J"]
[Black "Hebden, Mark L"]
[Result "1/2-1/2"]
[WhiteElo "2375"]
[BlackElo "2430"]
[PlyCount "43"]
[EventDate "1986.08.30"]
[EventType "tourn"]
[EventRounds "9"]
[EventCountry "ENG"]
[EventCategory "6"]
[SourceTitle "BritBase"]
[Source "John Saunders"]
[SourceDate "2020.09.07"]
[SourceVersion "1"]
[SourceVersionDate "2020.09.07"]
[SourceQuality "2"]

1. d4 Nf6 2. c4 c5 3. Nf3 cxd4 4. Nxd4 e5 5. Nb3 Qc7 6. e3 b6 7. Nc3 Bb4 8. Bd2
Bxc3 9. Bxc3 Nc6 10. Bd3 d6 11. O-O Bb7 12. Nd2 Nb8 13. Qc2 Nbd7 14. Ne4 Bxe4
15. Bxe4 Rc8 16. Bd3 d5 17. cxd5 Nxd5 18. Ba6 Nb4 19. Qe2 Nxa6 20. Qxa6 O-O 21.
Rfd1 Rfd8 22. h3 1/2-1/2

[Event "NatWest Young Masters 3rd"]
[Site "London"]
[Date "1986.09.04"]
[Round "6"]
[White "Gallagher, Joseph G"]
[Black "Schiller, Eric Andrew"]
[Result "1-0"]
[WhiteElo "2360"]
[BlackElo "2370"]
[PlyCount "83"]
[EventDate "1986.08.30"]
[EventType "tourn"]
[EventRounds "9"]
[EventCountry "ENG"]
[EventCategory "6"]
[SourceTitle "BritBase"]
[Source "John Saunders"]
[SourceDate "2020.09.07"]
[SourceVersion "1"]
[SourceVersionDate "2020.09.07"]
[SourceQuality "2"]

1. e4 c6 2. d4 d5 3. f3 Nf6 4. e5 Nfd7 5. f4 c5 6. Nf3 Nc6 7. c3 cxd4 8. cxd4
Nb6 9. Nc3 Bg4 10. Be3 e6 11. Bd3 Be7 12. O-O h5 13. Bf2 a6 14. Qe2 Nb4 15. Bb1
Nc4 16. Re1 g6 17. a3 Nc6 18. Ba2 b5 19. a4 Bxf3 20. Qxf3 Nb4 21. Bb1 Nxb2 22.
axb5 axb5 23. Rxa8 Qxa8 24. Nxb5 Qa5 25. Nd6+ Bxd6 26. exd6 Nc4 27. f5 $1 Nd2
28. Qc3 Ne4 29. Bxe4 dxe4 30. Ra1 Qd8 31. Bh4 Qb8 32. Rb1 O-O 33. Qxb4 Qa7 34.
Qb6 Qa4 35. Qb4 Qe8 36. Qc5 Qa4 37. Be7 Qa2 38. Rf1 e3 39. Bxf8 e2 40. Re1 Qd2
41. Qc1 Qxd4+ 42. Kh1 1-0

[Event "NatWest Young Masters 3rd"]
[Site "London"]
[Date "1986.09.04"]
[Round "6"]
[White "Gerber, Richard"]
[Black "Thomas, Ian L"]
[Result "0-1"]
[WhiteElo "2395"]
[BlackElo "2350"]
[PlyCount "78"]
[EventDate "1986.08.30"]
[EventType "tourn"]
[EventRounds "9"]
[EventCountry "ENG"]
[EventCategory "6"]
[SourceTitle "BritBase"]
[Source "John Saunders"]
[SourceDate "2020.09.07"]
[SourceVersion "1"]
[SourceVersionDate "2020.09.07"]
[SourceQuality "2"]

1. d4 f5 2. g3 Nf6 3. Bg2 g6 4. Nf3 Bg7 5. O-O d6 6. c3 O-O 7. Nbd2 Nc6 8. Qb3+
e6 9. Ng5 d5 10. Ngf3 Ne8 11. c4 Nxd4 12. Nxd4 Bxd4 13. cxd5 Bf6 14. Rd1 Nd6
15. Nc4 e5 16. Bd2 b6 17. Bb4 Rf7 18. Rac1 Bb7 19. Bxd6 cxd6 20. Qb4 Rd7 21. e4
Bg5 22. Rc3 Qf6 23. Rf1 Bh6 24. Bh3 Rad8 25. Ne3 Ba6 26. Re1 Rf7 27. exf5 Bxe3
28. Rcxe3 gxf5 29. Qd2 Bc8 30. Rc3 Bd7 31. Rec1 f4 32. Bxd7 Rdxd7 33. Rc8+ Kg7
34. Qe2 Qg5 35. R1c2 f3 36. Qd2 Qg4 37. R2c4 Qf5 38. Rh4 Rf6 39. Rcc4 h5 {Time}
0-1

[Event "NatWest Young Masters 3rd"]
[Site "London"]
[Date "1986.09.04"]
[Round "6"]
[White "Hebden, Mark L"]
[Black "Ravikumar, Vaidyanathan"]
[Result "1-0"]
[WhiteElo "2430"]
[BlackElo "2345"]
[PlyCount "121"]
[EventDate "1986.08.30"]
[EventType "tourn"]
[EventRounds "9"]
[EventCountry "ENG"]
[EventCategory "6"]
[SourceTitle "BritBase"]
[Source "John Saunders"]
[SourceDate "2020.09.07"]
[SourceVersion "1"]
[SourceVersionDate "2020.09.07"]
[SourceQuality "2"]

1. e4 c6 2. d4 g6 3. Nc3 Bg7 4. Bc4 b5 5. Bb3 b4 6. Nce2 d6 7. a3 bxa3 8. Rxa3
Nf6 9. Nc3 O-O 10. Nf3 Ba6 11. h3 Nfd7 12. Be3 Qc8 13. Qd2 c5 14. Bh6 Nc6 15.
Bxg7 Kxg7 16. Bd5 e6 17. Bxc6 Qxc6 18. d5 Qb6 19. h4 h5 20. dxe6 fxe6 21. Nd1
Qc6 22. Ng5 Rae8 23. Qa5 Bb7 24. Qc3+ Kg8 25. Rxa7 d5 26. O-O d4 27. Qg3 Qb6
28. Ra3 c4 29. c3 e5 30. b3 Nc5 31. bxc4 Nxe4 32. Nxe4 Bxe4 33. cxd4 exd4 34.
Rb3 Qc6 35. Nb2 Bc2 36. Rb5 Bf5 37. Nd3 Bxd3 38. Qxd3 Qe4 39. Qxe4 Rxe4 40. Rd5
Rc8 41. f3 Re3 42. Rxd4 Rc3 43. Rd6 Kg7 44. Re1 R3xc4 45. Ree6 Rxh4 46. Rxg6+
Kf7 47. Rh6 Rc5 48. Rh7+ Kg8 49. Ra7 Rf4 50. Rg6+ Kf8 51. Rgg7 Ra4 52. Raf7+
Ke8 53. Rb7 Kf8 54. Rgd7 Ra8 55. Kh2 Rg5 56. Kh3 Kg8 57. g3 Rf5 58. f4 Re8 59.
Kh4 Rc8 60. Rg7+ Kf8 61. Rh7 1-0

[Event "NatWest Young Masters 3rd"]
[Site "London"]
[Date "1986.09.04"]
[Round "6"]
[White "Norwood, David"]
[Black "Rodgaard, John"]
[Result "1/2-1/2"]
[WhiteElo "2415"]
[BlackElo "2350"]
[PlyCount "133"]
[EventDate "1986.08.30"]
[EventType "tourn"]
[EventRounds "9"]
[EventCountry "ENG"]
[EventCategory "6"]
[SourceTitle "BritBase"]
[Source "John Saunders"]
[SourceDate "2020.09.07"]
[SourceVersion "1"]
[SourceVersionDate "2020.09.07"]
[SourceQuality "2"]

1. g3 Nf6 2. Bg2 d5 3. Nf3 c6 4. O-O Bg4 5. d3 Nbd7 6. Nbd2 e5 7. e4 Bd6 8. Qe2
O-O 9. h3 Bh5 10. b3 Re8 11. Re1 Bc7 12. a3 b5 13. Qf1 dxe4 14. Nxe4 Nxe4 15.
dxe4 Bxf3 16. Bxf3 Nc5 17. Be3 Qe7 18. Red1 Bb6 19. Bc1 Ne6 20. c3 Rad8 21. Bb2
Nc5 22. b4 Na4 23. Qe2 Qe6 24. Kg2 Qb3 25. Rdb1 Rd6 26. Bc1 Qc4 27. Qc2 Qxc3
28. Ra2 Qxc2 29. Rxc2 Red8 30. Bg4 a6 31. f4 Bd4 32. fxe5 Bxe5 33. Bg5 f6 34.
Be3 Rd3 35. Bf2 Nc3 36. Rb3 Kf7 37. Be1 Nxe4 38. Rxd3 Rxd3 39. Rxc6 Bxg3 40.
Re6 Bxe1 41. Rxe4 Bc3 42. Be6+ Kf8 43. Bc8 Be5 44. Bxa6 Rxa3 45. Bc8 Ke7 46. h4
Kd6 47. Rg4 Ra8 48. Bb7 Ra2+ 49. Kf3 g6 50. h5 g5 51. Rg2 Ra3+ 52. Ke2 Rh3 53.
Rg4 Rxh5 54. Rg1 Rh3 55. Rd1+ Kc7 56. Be4 Rh2+ 57. Kf3 Rh3+ 58. Kg4 Rh4+ 59.
Kf3 f5 60. Rc1+ Kb8 61. Bd3 Rxb4 $4 {(Bd4)} 62. Rc5 $1 g4+ 63. Ke2 Rb2+ 64. Kf1
Bd4 65. Rxb5+ Rxb5 66. Bxb5 Kc7 67. Bd3 1/2-1/2

[Event "NatWest Young Masters 3rd"]
[Site "London"]
[Date "1986.09.04"]
[Round "6"]
[White "Pedersen, Erik"]
[Black "Whiteley, Andrew J"]
[Result "1/2-1/2"]
[WhiteElo "2400"]
[BlackElo "2375"]
[PlyCount "52"]
[EventDate "1986.08.30"]
[EventType "tourn"]
[EventRounds "9"]
[EventCountry "ENG"]
[EventCategory "6"]
[SourceTitle "BritBase"]
[Source "John Saunders"]
[SourceDate "2020.09.07"]
[SourceVersion "1"]
[SourceVersionDate "2020.09.07"]
[SourceQuality "2"]

1. d4 Nf6 2. Nf3 g6 3. c4 Bg7 4. Nc3 O-O 5. Bf4 d6 6. h3 Nbd7 7. e3 b6 8. Be2
Bb7 9. O-O Re8 10. Qc2 e5 11. Bh2 exd4 12. Nxd4 Nc5 13. Bf3 Bxf3 14. Nxf3 Qd7
15. Rfd1 a6 16. Rac1 Rac8 17. b4 Nce4 18. Nxe4 Nxe4 19. c5 bxc5 20. bxc5 Qf5
21. c6 {(21.cxd6 cxd6 22.Qb3 Nc3! wins the exchange - Whiteley)} Rb8 22. Nd4
Qa5 23. Nb3 Qa4 24. Nd4 Qa5 25. Nb3 Qa4 26. Nd4 Qa5 1/2-1/2

[Event "NatWest Young Masters 3rd"]
[Site "London"]
[Date "1986.09.05"]
[Round "7"]
[White "Rodgaard, John"]
[Black "Hebden, Mark L"]
[Result "1/2-1/2"]
[WhiteElo "2350"]
[BlackElo "2430"]
[PlyCount "121"]
[EventDate "1986.08.30"]
[EventType "tourn"]
[EventRounds "9"]
[EventCountry "ENG"]
[EventCategory "6"]
[SourceTitle "BritBase"]
[Source "John Saunders"]
[SourceDate "2020.09.07"]
[SourceVersion "1"]
[SourceVersionDate "2020.09.07"]
[SourceQuality "2"]

1. Nf3 Nf6 2. g3 g6 3. Bg2 Bg7 4. d4 O-O 5. O-O d6 6. b3 Nc6 7. Bb2 a6 8. c4
Rb8 9. Nbd2 Bf5 10. Re1 e5 11. d5 Ne7 12. e4 Bd7 13. c5 Ne8 14. a4 h6 15. Nc4
f5 16. Nfd2 f4 17. Bf3 h5 18. Rc1 Kh8 19. Ba3 Bc8 20. Rc3 Ng8 21. Qe2 Nh6 22.
Rec1 Nf7 23. cxd6 cxd6 24. Nb6 Bh3 25. a5 fxg3 26. hxg3 Bh6 27. Bg2 Bg4 28. f3
Bd7 29. Nxd7 Qxd7 30. R1c2 Qd8 31. Nc4 h4 32. gxh4 Bf4 33. Qf2 Ng7 34. Bc1 Nh5
35. Bxf4 exf4 36. Bh3 Qf6 37. Be6 g5 38. Bg4 Ng3 39. h5 Nh6 40. Nd2 Rbe8 41.
Be6 g4 42. fxg4 Rxe6 43. g5 Ne2+ 44. Qxe2 Qxg5+ 45. Qg2 Re5 46. Rc8 Rxc8 47.
Rxc8+ Kg7 48. Rd8 Nf7 49. Rd7 Kf6 50. Qxg5+ Rxg5+ 51. Kf2 Rxh5 52. Nf3 Rh1 53.
Rxb7 Ra1 54. b4 Ra2+ 55. Ke1 Ne5 56. Nxe5 Kxe5 57. Re7+ Kd4 58. e5 Ra1+ 59. Kd2
f3 60. Rf7 Ra2+ 61. Kd1 1/2-1/2

[Event "NatWest Young Masters 3rd"]
[Site "London"]
[Date "1986.09.05"]
[Round "7"]
[White "Schiller, Eric Andrew"]
[Black "Gerber, Richard"]
[Result "1/2-1/2"]
[WhiteElo "2370"]
[BlackElo "2395"]
[PlyCount "137"]
[EventDate "1986.08.30"]
[EventType "tourn"]
[EventRounds "9"]
[EventCountry "ENG"]
[EventCategory "6"]
[SourceTitle "BritBase"]
[Source "John Saunders"]
[SourceDate "2020.09.07"]
[SourceVersion "1"]
[SourceVersionDate "2020.09.07"]
[SourceQuality "2"]

1. e4 c5 2. Nf3 d6 3. d4 cxd4 4. Nxd4 Nf6 5. Nc3 Nc6 6. Bg5 e6 7. Qd2 Bd7 8. f4
a6 9. Nxc6 Bxc6 10. O-O-O Be7 11. Bd3 Qc7 12. Rhe1 O-O 13. e5 dxe5 14. fxe5 Nd5
15. Ne4 Nb4 16. Qf4 Nxd3+ 17. Rxd3 Bxe4 18. Rxe4 Rac8 19. c3 Rfd8 20. Rdd4 Bxg5
21. Qxg5 h6 22. Qe3 Qa5 23. a3 Qb5 24. Rf4 Rd5 25. Qf2 Rxd4 26. Qxd4 Qe8 27.
Qb4 Qc6 28. Rf2 Rd8 29. Qf4 Rd7 30. Rd2 Rxd2 31. Qxd2 Qe4 32. Qd8+ Kh7 33. Qd7
Kg6 34. h4 h5 35. g3 b5 36. Qd6 Qe1+ 37. Kc2 Qxg3 38. Qxa6 Qxe5 39. Qc6 Qe2+
40. Kb1 Qd3+ 41. Kc1 Qe3+ 42. Kc2 Qe2+ 43. Kc1 Qe1+ 44. Kc2 Qxh4 45. Qxb5 Qf2+
46. Kd1 h4 47. a4 h3 48. Qd3+ f5 $2 49. Qxh3 Qxb2 50. Qg3+ Kf6 51. Qh4+ Kg6 52.
Qg3+ Kf6 53. Qh4+ Kf7 54. Qh5+ Kf8 55. Qh8+ Kf7 56. Qh5+ g6 57. Qh7+ Kf6 58.
Qh4+ Kf7 59. Qh7+ Kf6 60. Qh4+ g5 61. Qh8+ Ke7 62. Qg7+ Ke8 63. Qh8+ Kd7 64.
Qd4+ Kc6 65. Qc4+ Kb7 66. Qxe6 Qb1+ 67. Kd2 Qb2+ 68. Kd1 Qxc3 69. Qxf5 1/2-1/2

[Event "NatWest Young Masters 3rd"]
[Site "London"]
[Date "1986.09.05"]
[Round "7"]
[White "Thomas, Ian L"]
[Black "Norwood, David"]
[Result "0-1"]
[WhiteElo "2350"]
[BlackElo "2415"]
[PlyCount "92"]
[EventDate "1986.08.30"]
[EventType "tourn"]
[EventRounds "9"]
[EventCountry "ENG"]
[EventCategory "6"]
[SourceTitle "BritBase"]
[Source "John Saunders"]
[SourceDate "2020.09.07"]
[SourceVersion "1"]
[SourceVersionDate "2020.09.07"]
[SourceQuality "2"]

1. e4 g6 2. d4 Bg7 3. Nc3 d6 4. Be3 c6 5. a4 Nd7 6. Nge2 Ngf6 7. h3 O-O 8. g4
e5 9. Bg2 Re8 10. O-O exd4 11. Bxd4 Nc5 12. Ng3 Ne6 13. Be3 d5 14. exd5 cxd5
15. Nxd5 Nxd5 16. Qxd5 Bxb2 17. Rab1 Bg7 18. Qxd8 Nxd8 19. Ne4 Be5 20. Nc5 Rb8
21. Nd3 Bc7 22. Nb4 Be6 23. Nd5 Bxd5 24. Bxd5 b6 25. Rbe1 Ne6 26. f4 Nxf4 27.
Bxf4 Rxe1 28. Bxc7 Rxf1+ 29. Kxf1 Rc8 30. Bf4 Rxc2 31. Bb8 Rc5 32. Bf3 a5 33.
Be2 Rc3 34. Kg2 Rc2 35. Kf3 Rc3+ 36. Kf4 Rxh3 37. Bc7 h5 38. Bxb6 Ra3 39. Bb5
h4 40. g5 h3 41. Bg1 Ra2 42. Bc6 h2 43. Bb6 Ra1 44. Bxa5 Rxa4+ 45. Bxa4 h1=Q
46. Bd7 Qd5 0-1

[Event "NatWest Young Masters 3rd"]
[Site "London"]
[Date "1986.09.05"]
[Round "7"]
[White "Whiteley, Andrew J"]
[Black "Gallagher, Joseph G"]
[Result "1-0"]
[WhiteElo "2375"]
[BlackElo "2360"]
[PlyCount "105"]
[EventDate "1986.08.30"]
[EventType "tourn"]
[EventRounds "9"]
[EventCountry "ENG"]
[EventCategory "6"]
[SourceTitle "BritBase"]
[Source "John Saunders"]
[SourceDate "2020.09.07"]
[SourceVersion "1"]
[SourceVersionDate "2020.09.07"]
[SourceQuality "2"]

1. d4 Nf6 2. Nf3 e6 3. g3 b5 4. Bg2 Bb7 5. O-O c5 6. b3 Qc7 7. Bb2 Be7 8. dxc5
Na6 9. Na3 b4 10. Nb5 Qxc5 11. c4 bxc3 12. Nxc3 O-O 13. Na4 Qa5 14. Rc1 Rfd8
15. a3 Bc6 16. Ne5 Bxg2 17. Kxg2 Rac8 18. Rxc8 Rxc8 19. Nxd7 Rd8 20. Nxf6+ Bxf6
21. Qc2 Bxb2 22. Qxb2 h5 23. Qc3 Qb5 24. Qe3 h4 25. gxh4 Nc7 26. Rc1 Nd5 27.
Qf3 e5 28. Nc3 Qc5 29. b4 Qc4 30. Qe4 Nf4+ 31. Kf3 Qe6 32. Rg1 Qh3+ {(Qf6!)}
33. Rg3 Qxh2 34. Qxe5 Ng6 35. Qg5 Re8 36. e3 Qh1+ 37. Ke2 Rc8 38. Rg1 Qc6 39.
Rc1 Qc4+ 40. Kf3 Nxh4+ 41. Kg3 Qd3 42. Qxh4 Rc4 43. Qh5 Qd6+ 44. f4 Qd3 45. Qe5
Qg6+ 46. Kf2 Qc6 47. Nd5 Rc2+ 48. Rxc2 Qxc2+ 49. Kg3 Qd1 50. Qe8+ Kh7 51. Qe4+
g6 52. Qf3 f5 53. Qxd1 1-0

[Event "NatWest Young Masters 3rd"]
[Site "London"]
[Date "1986.09.06"]
[Round "8"]
[White "Gallagher, Joseph G"]
[Black "Ravikumar, Vaidyanathan"]
[Result "0-1"]
[WhiteElo "2360"]
[BlackElo "2345"]
[PlyCount "78"]
[EventDate "1986.08.30"]
[EventType "tourn"]
[EventRounds "9"]
[EventCountry "ENG"]
[EventCategory "6"]
[SourceTitle "BritBase"]
[Source "John Saunders"]
[SourceDate "2020.09.07"]
[SourceVersion "1"]
[SourceVersionDate "2020.09.07"]
[SourceQuality "2"]

1. e4 c6 2. d4 d5 3. exd5 cxd5 4. Bd3 Nc6 5. c3 Nf6 6. Bf4 g6 7. Nf3 Bg7 8. O-O
Bf5 9. Bxf5 gxf5 10. Ne5 e6 11. Nd2 O-O 12. Re1 Ne4 13. Qh5 f6 14. Nxc6 bxc6
15. Nb3 e5 16. Bc1 f4 17. f3 Ng5 18. Nc5 Qe8 19. Qg4 Qg6 20. Kh1 Rfd8 21. Qh4
Re8 22. Qf2 Bf8 23. b4 Re7 24. g3 Qh5 25. Rf1 Rg7 26. g4 Qh3 27. Qg2 Bxc5 28.
bxc5 h5 29. Qxh3 Nxh3 30. Kg2 hxg4 31. fxg4 Ng5 32. h4 Ne4 33. Kf3 Kf7 34. c4
Ke6 35. dxe5 fxe5 36. g5 Rh8 37. cxd5+ cxd5 38. Rh1 Nxg5+ 39. Ke2 Ne4 0-1

[Event "NatWest Young Masters 3rd"]
[Site "London"]
[Date "1986.09.06"]
[Round "8"]
[White "Gerber, Richard"]
[Black "Norwood, David"]
[Result "0-1"]
[WhiteElo "2395"]
[BlackElo "2415"]
[PlyCount "58"]
[EventDate "1986.08.30"]
[EventType "tourn"]
[EventRounds "9"]
[EventCountry "ENG"]
[EventCategory "6"]
[SourceTitle "BritBase"]
[Source "John Saunders"]
[SourceDate "2020.09.07"]
[SourceVersion "1"]
[SourceVersionDate "2020.09.07"]
[SourceQuality "2"]

1. d4 Nf6 2. c4 e6 3. Nc3 c5 4. d5 exd5 5. cxd5 d6 6. e4 g6 7. Nge2 Bg7 8. Ng3
O-O 9. Be2 Nbd7 10. O-O a6 11. a4 Rb8 12. Bg5 Qc7 13. Qd2 Re8 14. Rfc1 c4 15.
f3 b5 16. axb5 axb5 17. b4 cxb3 18. Nxb5 Qb6+ 19. Be3 Nc5 20. Rab1 Nfd7 21. Nd4
Qb4 22. Qd1 b2 23. Rc2 Qa3 24. Nf1 Na4 25. Qe1 Ndc5 26. Bb5 Bd7 27. Bxd7 Nxd7
28. Qa5 Ndc5 29. Rc4 Qd3 0-1

[Event "NatWest Young Masters 3rd"]
[Site "London"]
[Date "1986.09.06"]
[Round "8"]
[White "Hebden, Mark L"]
[Black "Thomas, Ian L"]
[Result "1-0"]
[WhiteElo "2430"]
[BlackElo "2350"]
[PlyCount "115"]
[EventDate "1986.08.30"]
[EventType "tourn"]
[EventRounds "9"]
[EventCountry "ENG"]
[EventCategory "6"]
[SourceTitle "BritBase"]
[Source "John Saunders"]
[SourceDate "2020.09.07"]
[SourceVersion "1"]
[SourceVersionDate "2020.09.07"]
[SourceQuality "2"]

1. d4 d5 2. Nf3 Nf6 3. g3 c5 4. Bg2 cxd4 5. O-O Bg4 6. Nxd4 e5 7. Nb3 Nc6 8.
Bg5 Be7 9. Bxf6 Bxf6 10. Bxd5 Nd4 11. Nc3 Rc8 12. Bxb7 Rxc3 13. Nxd4 Rc5 14.
Bf3 Bh3 15. Nb3 Qxd1 16. Rfxd1 Rxc2 17. Rd2 Rc7 18. Rc1 Rxc1+ 19. Nxc1 O-O 20.
Be4 g6 21. e3 Bd8 22. f3 Bb6 23. Kf2 Be6 24. Ke2 Rc8 25. Rc2 Rd8 26. Bd3 h5 27.
Bc4 Rc8 28. Bb3 Rxc2+ 29. Bxc2 Bc4+ 30. Bd3 Be6 31. b3 Bc5 32. Bc4 Bc8 33. Nd3
Bd6 34. e4 a5 35. a3 Kg7 36. b4 axb4 37. axb4 f5 38. b5 Kf6 39. Nb2 g5 40. Na4
fxe4 41. fxe4 Bg4+ 42. Kd3 Ke7 43. b6 Kd8 44. b7 Kc7 45. Bd5 Bd7 46. Nc3 Bc5
47. Ke2 Bd4 48. Na2 Bb5+ 49. Kf3 Bf1 50. g4 h4 51. Nb4 Bb5 52. Bc6 Bc4 53. Nd5+
Kb8 54. Nf6 Be6 55. Bd5 Bxd5 56. exd5 Kxb7 57. Ne4 Kb6 58. h3 1-0

[Event "NatWest Young Masters 3rd"]
[Site "London"]
[Date "1986.09.06"]
[Round "8"]
[White "Schiller, Eric Andrew"]
[Black "Whiteley, Andrew J"]
[Result "0-1"]
[WhiteElo "2370"]
[BlackElo "2375"]
[PlyCount "50"]
[EventDate "1986.08.30"]
[EventType "tourn"]
[EventRounds "9"]
[EventCountry "ENG"]
[EventCategory "6"]
[SourceTitle "BritBase"]
[Source "John Saunders"]
[SourceDate "2020.09.07"]
[SourceVersion "1"]
[SourceVersionDate "2020.09.07"]
[SourceQuality "2"]

1. e4 e6 2. d4 d5 3. Nc3 Bb4 4. Bd2 dxe4 5. Qg4 Nf6 6. Qxg7 Rg8 7. Qh6 Qxd4 8.
O-O-O Rg6 9. Qh4 Rg4 10. Qh3 Qxf2 11. Bb5+ $2 {Be3! Qf5 12.Bb5+ or 11...Qh4 12.
Qxh4 Rxh4 13.Bg5 - Schiller)} c6 12. Rf1 Qxg2 13. Rxf6 cxb5 14. Qxh7 Qxh1 15.
Qxf7+ Kd8 16. Rf1 Qxh2 17. Nge2 Bd7 18. Rd1 Qh8 19. Nf4 Qg8 20. Qf6+ Be7 21.
Qh6 Rg1 22. Nxe4 Rxd1+ 23. Kxd1 Nc6 24. Ng6 Be8 25. Nxe7 Qg4+ 0-1

[Event "NatWest Young Masters 3rd"]
[Site "London"]
[Date "1986.09.07"]
[Round "9"]
[White "Norwood, David"]
[Black "Hebden, Mark L"]
[Result "1-0"]
[WhiteElo "2415"]
[BlackElo "2430"]
[PlyCount "55"]
[EventDate "1986.08.30"]
[EventType "tourn"]
[EventRounds "9"]
[EventCountry "ENG"]
[EventCategory "6"]
[SourceTitle "BritBase"]
[Source "John Saunders"]
[SourceDate "2020.09.07"]
[SourceVersion "1"]
[SourceVersionDate "2020.09.07"]
[SourceQuality "2"]

1. g3 g6 2. Bg2 Bg7 3. e4 d6 4. Nc3 c5 5. d3 Nc6 6. Be3 Bd7 7. Qd2 b5 8. f4 b4
9. Nd1 Rc8 10. Nf3 Qa5 11. O-O Nf6 12. h3 c4 13. g4 c3 $6 14. bxc3 bxc3 15. Qf2
e5 16. f5 gxf5 17. exf5 Nd5 18. Ng5 Nd4 19. Bxd4 exd4 20. f6 $1 Bxf6 21. Re1+
Kd8 22. Nxf7+ Kc7 23. Nxh8 Bxh8 24. Rb1 Qxa2 $2 25. Nxc3 $1 dxc3 {(25...Nxc3
26.Rb7+ Kd8 27.Qf8+ mates)} 26. Ra1 Qxa1 27. Rxa1 Be6 28. Qxa7+ 1-0